00599nam a2200193Ia 4500008004100000020001400041082001400055100001500069245003900084250000700123260004000130300004200170500001900212600002700231650002000258942000700278952010500285999001500390240925s9999 xx 000 0 und d a879014997 a512.9 MUN aMunem, M.A 0aCollege Algebra: with applications aNA aNew York:bWorth Publishersc,1992. axxiv,668p.bNAfInternational Edition aIncludes Index aEngineering Technology aNatural Science cBK 001040708ETaUITUbUITUd2000-03-26eNAl0o512.9 MUNpQ3097r2024-09-25 07:13:01w2024-09-25yBK c5596d5596